| 000 | 00410nam a2200157Ia 4500 | ||
|---|---|---|---|
| 008 | 230718s9999 xx 000 0 und d | ||
| 041 | _aeng | ||
| 082 |
_a519.535 _bMIL |
||
| 100 |
_aMilton M. _9170535 |
||
| 245 | _aHead First Data Analysis | ||
| 260 |
_c2009 _bO'reilly |
||
| 300 | _a445 | ||
| 365 |
_cRs. _b500.00 |
||
| 700 |
_aMilton M. _9170535 |
||
| 906 |
_dO:0032607-Oct-2009B:142907-Sep-2009 _cCOMP _b100 |
||
| 999 |
_c322722 _d322722 |
||